LEADER 03849nam 22005535 450 001 9910866580503321 005 20250807150320.0 010 $a9789819701728$b(electronic bk.) 010 $z9789819701711 024 7 $a10.1007/978-981-97-0172-8 035 $a(MiAaPQ)EBC31501394 035 $a(Au-PeEL)EBL31501394 035 $a(CKB)32338584100041 035 $a(DE-He213)978-981-97-0172-8 035 $a(EXLCZ)9932338584100041 100 $a20240622d2024 u| 0 101 0 $aeng 135 $aurcnu|||||||| 181 $ctxt$2rdacontent 182 $cc$2rdamedia 183 $acr$2rdacarrier 200 10$aComplexity Thinking and China?s Demography Within and Beyond Mainland China $eA Geopolitical Overview /$fedited by Armando Aliu 205 $a1st ed. 2024. 210 1$aSingapore :$cSpringer Nature Singapore :$cImprint: Palgrave Macmillan,$d2024. 215 $a1 online resource (312 pages) 311 08$aPrint version: Aliu, Armando Complexity Thinking and China's Demography Within and Beyond Mainland China Singapore : Palgrave Macmillan,c2024 9789819701711 320 $aIncludes bibliographical references and index. 327 $a1. Introduction: Political Demography and Anthropological Perspectives of Demographic Phenomena -- 2. Eldercare Services in Urban China -- 3. China?s Population Change and Its Geopolitical Impact -- 4. The PRC Belt and Road Initiative: An Accelerator to Achieve the United Nations Sustainable Development Goals? -- 5. Creating Legitimacy and Exercising Political Power: An Analysis of the Functions of the Chinese Constitutional Preamble Based on a Linguistic Study -- 6. Revisit Chinese Exceptionalism through the Lens of New Foreign Relations Law -- 7. Coordination and Interaction between Intra-Party Regulations and National Laws in the Context of Supervision System Reform -- 8. What Influences Fertility Plans of China?s Migrant Populations? Mechanism Analysis Based on House Prices Perspective -- 9. Conclusion: Future of China?s Demography: Legal, Social, Political, and Economic Reforms. 330 $aThis book uses complexity thinking to explore China?s demography and population-driven geopolitics within and beyond mainland China. From a multidisciplinary perspective, the book is relevant to the debates of Chinese demography studies and politics of contemporary China. It combines international relations approaches, demography research, and legal studies to conceive the recent demographic trends and social transformations in China and across the world. The book prioritizes the anthropological viewpoint to provide a better understanding of demographic phenomena and combine an anthropological demography perspective with complexity thinking and geopolitics. This book will interest scholars of China, of geopolitics, and demographers. Armando Aliu is Assistant Professor at the Jagiellonian University in Krakow (Poland). He is currently a Visiting Fellow at the German Institute for Global Area Studies (GIGA) in Hamburg (Germany). He is member of the European Association for Chinese Studies, Max Planck Alumni Association, UN Migration Research Hub and ACUNS. 606 $aAsia$xPolitics and government 606 $aDemography 606 $aPopulation 606 $aAsian Politics 606 $aPopulation and Demography 606 $aSpatial Demography 615 0$aAsia$xPolitics and government. 615 0$aDemography. 615 0$aPopulation. 615 14$aAsian Politics. 615 24$aPopulation and Demography. 615 24$aSpatial Demography. 676 $a327.51 702 $aAliu$b Armando 801 0$bMiAaPQ 801 1$bMiAaPQ 801 2$bMiAaPQ 912 $a9910866580503321 996 $aComplexity Thinking and China?s Demography Within and Beyond Mainland China$94230430 997 $aUNINA